TEXTBOOK OF APPLIED ANATOMY & PHYSIOLOGY FOR NURSES (B.SC NURSING STUDENTS) (Record no. 216370)

MARC details
000 -LEADER
fixed length control field 00402nam a2200133Ia 4500
008 - FIXED-LENGTH DATA ELEMENTS--GENERAL INFORMATION
fixed length control field 230704s9999 xx 000 0 und d
020 ## - INTERNATIONAL STANDARD BOOK NUMBER
International Standard Book Number 9789392019005
100 ## - MAIN ENTRY--PERSONAL NAME
Personal name DAMIR, SHIPRA
245 #0 - TITLE STATEMENT
Title TEXTBOOK OF APPLIED ANATOMY & PHYSIOLOGY FOR NURSES (B.SC NURSING STUDENTS)
260 ## - PUBLICATION, DISTRIBUTION, ETC.
Name of publisher, distributor, etc. BOOKERA PUBLISHERS & DISTRIBUTORS, JAIPUR
Date of publication, distribution, etc. 2021
300 ## - PHYSICAL DESCRIPTION
Extent 580
650 ## - SUBJECT ADDED ENTRY--TOPICAL TERM
Topical term or geographic name entry element Anatomy & Physiology
942 ## - ADDED ENTRY ELEMENTS (KOHA)
Koha item type Book
Holdings
Withdrawn status Lost status Source of classification or shelving scheme Damaged status Not for loan Home library Current library Shelving location Date acquired Total Checkouts Barcode Date last seen Date last checked out Price effective from Koha item type Public note
    Dewey Decimal Classification     Mewar University Central Library Mewar University Central Library Nursing 15/05/2023 1 NR4507 16/02/2026 28/01/2026 14/07/2023 Book Nursing R-10 S-1
    Dewey Decimal Classification     Mewar University Central Library Mewar University Central Library Nursing 15/05/2023   NR4508 14/07/2023   14/07/2023 Book Nursing R-10 S-1
    Dewey Decimal Classification     Mewar University Central Library Mewar University Central Library Nursing 15/05/2023 1 NR4509 05/08/2024 05/08/2024 14/07/2023 Book Nursing R-10 S-1
    Dewey Decimal Classification     Mewar University Central Library Mewar University Central Library Nursing 15/05/2023 1 NR4510 28/01/2026 08/01/2026 14/07/2023 Book Nursing R-10 S-1
    Dewey Decimal Classification     Mewar University Central Library Mewar University Central Library Nursing 15/05/2023 2 NR4511 17/01/2024 01/01/2024 14/07/2023 Book Nursing R-10 S-1